[Event "EU-ch U18 Girls"]
[Site "Bratislava"]
[Date "2019.08.07"]
[Round "6"]
[White "Yeremyan, Nazik"]
[Black "Manova, Ivana"]
[Result "1/2-1/2"]
[WhiteElo "1622"]
[BlackElo "1841"]
[PlyCount "57"]
[EventDate "2019.08.02"]
[EventType "swiss"]
[EventRounds "9"]
[EventCountry "SVK"]
[SourceTitle "CBM 191 Extra"]
[Source "ChessBase"]
[SourceDate "2019.09.30"]
[SourceVersion "1"]
[SourceVersionDate "2019.09.30"]
[SourceQuality "1"]

1. d4 Nf6 2. c4 e6 3. Nc3 d5 4. Bf4 Bd6 5. Bg3 c6 6. e3 0-0 7. Nf3 Ne4 8. Nxe4 dxe4 9. Nd2 f5 10. Bxd6 Qxd6 11. c5 Qe7 12. Nc4 Nd7 13. Nd6 b6 14. b4 a5 15. a3 Nf6 16. Bc4 Nd5 17. 0-0 b5 18. Bxd5 exd5 19. Qe2 a4 20. f4 Bd7 21. Rf2 Rf6 22. Qh5 Raf8 23. Qh4 Qe6 24. Qh5 Rh6 25. Qe2 Rh4 26. g3 Rh3 27. Ra2 Rf6 28. Rg2 Rfh6 29. Rb2 1/2-1/2

[Event "EU-ch U18 Girls"]
[Site "Bratislava"]
[Date "2019.08.03"]
[Round "2"]
[White "Yeremyan, Nazik"]
[Black "Chrysogelou, Athanasia Panagiota"]
[Result "0-1"]
[WhiteElo "1622"]
[BlackElo "1907"]
[PlyCount "76"]
[EventDate "2019.08.02"]
[EventType "swiss"]
[EventRounds "9"]
[EventCountry "SVK"]
[SourceTitle "CBM 191 Extra"]
[Source "ChessBase"]
[SourceDate "2019.09.30"]
[SourceVersion "1"]
[SourceVersionDate "2019.09.30"]
[SourceQuality "1"]

1. d4 Nf6 2. c4 e6 3. Nc3 Bb4 4. e3 0-0 5. Nf3 c5 6. Bd3 d5 7. 0-0 dxc4 8. Bxc4 Nbd7 9. a3 cxd4 10. exd4 Bxc3 11. bxc3 Qc7 12. Qb3 b6 13. Bb2 Bb7 14. Be2 e5 15. Rac1 Nd5 16. Rfe1 Nf4 17. Bf1 Bxf3 18. gxf3 Qc6 19. Qb5 Qg6+ 20. Kh1 Rad8 21. c4 Rfe8 22. c5 bxc5 23. dxc5 Qh5 24. Rcd1 Qxf3+ 25. Kg1 Re6 26. Rd6 Rxd6 27. cxd6 Qg4+ 28. Kh1 Rb8 29. Qc6 g6 30. Bxe5 Nxe5 31. Rxe5 Nh3 32. Re8+ Kg7 33. Qc3+ Kh6 34. Bxh3 Rb1+ 35. Re1 Qe4+ 36. Kg1 Rxe1+ 37. Bf1 Qg4+ 38. Kh1 Rxf1# 0-1

[Event "GER-ch U25-B"]
[Site "Willingen"]
[Date "2018.05.23"]
[Round "6"]
[White "Rothenberg, Jannik"]
[Black "Yeremyan, Nazik"]
[Result "0-1"]
[WhiteElo "1834"]
[BlackElo "1741"]
[PlyCount "36"]
[EventDate "2018.05.19"]
[EventType "swiss"]
[EventRounds "9"]
[EventCountry "GER"]
[SourceTitle "CBM 184 Extra"]
[Source "ChessBase"]
[SourceDate "2018.06.28"]
[SourceVersion "1"]
[SourceVersionDate "2018.06.28"]
[SourceQuality "1"]

1. d4 d5 2. c4 e6 3. Nc3 Nf6 4. Bg5 Nbd7 5. cxd5 exd5 6. e3 c6 7. Bd3 Be7 8. Nge2 0-0 9. 0-0 Re8 10. Qc2 Nf8 11. Rad1 Ne4 12. Bxe7 Qxe7 13. Rfe1 Nxf2 14. Kxf2 Qxe3+ 15. Kf1 Re6 16. Ng1 Rf6+ 17. Nf3 Rxf3+ 18. gxf3 Bh3+ 0-1

[Event "GER-ch U25-B"]
[Site "Willingen"]
[Date "2018.05.23"]
[Round "5"]
[White "Yeremyan, Nazik"]
[Black "Bress, Aaron"]
[Result "1/2-1/2"]
[WhiteElo "1741"]
[BlackElo "1786"]
[PlyCount "48"]
[EventDate "2018.05.19"]
[EventType "swiss"]
[EventRounds "9"]
[EventCountry "GER"]
[SourceTitle "CBM 184 Extra"]
[Source "ChessBase"]
[SourceDate "2018.06.28"]
[SourceVersion "1"]
[SourceVersionDate "2018.06.28"]
[SourceQuality "1"]

1. d4 Nf6 2. c4 g6 3. Nc3 d5 4. Nf3 Bg7 5. e3 0-0 6. Bd3 dxc4 7. Bxc4 c5 8. d5 Ne8 9. e4 Nd6 10. Bd3 Bg4 11. h3 Bxf3 12. Qxf3 Nd7 13. Qe3 c4 14. Bc2 b5 15. 0-0 Qc7 16. f4 b4 17. Ne2 e5 18. f5 Rfc8 19. fxg6 hxg6 20. Qf3 Nc5 21. Kh1 a5 22. Be3 Rab8 23. b3 c3 24. a4 Rb7 1/2-1/2